Good Manufacturing Practices for Pharmaceuticals (Record no. 6143)
[ view plain ]
| 000 -LEADER | |
|---|---|
| fixed length control field | 00573nam a22002177a 4500 |
| 003 - CONTROL NUMBER IDENTIFIER | |
| control field | OSt |
| 005 - DATE AND TIME OF LATEST TRANSACTION | |
| control field | 20181002131923.0 |
| 008 - FIXED-LENGTH DATA ELEMENTS--GENERAL INFORMATION | |
| fixed length control field | 181002b xxu||||| |||| 00| 0 eng d |
| 020 ## - INTERNATIONAL STANDARD BOOK NUMBER | |
| International Standard Book Number | 0824704258 |
| 040 ## - CATALOGING SOURCE | |
| Transcribing agency | DNLM |
| 082 ## - DEWEY DECIMAL CLASSIFICATION NUMBER | |
| Classification number | QV737 R93c 2009 |
| 100 ## - MAIN ENTRY--PERSONAL NAME | |
| Personal name | Editor Joseph D. Nally |
| 9 (RLIN) | 12694 |
| 245 ## - TITLE STATEMENT | |
| Title | Good Manufacturing Practices for Pharmaceuticals |
| 250 ## - EDITION STATEMENT | |
| Edition statement | 6th ed. |
| 260 ## - PUBLICATION, DISTRIBUTION, ETC. (IMPRINT) | |
| Place of publication, distribution, etc. | New York; Marcel Dekker, 2001 |
| 300 ## - PHYSICAL DESCRIPTION | |
| Extent | [500]p; ill: 24cm |
| 504 ## - BIBLIOGRAPHY, ETC. NOTE | |
| Bibliography, etc | Appendices included |
| 650 ## - SUBJECT ADDED ENTRY--TOPICAL TERM | |
| Topical term or geographic name as entry element | Pharmaceuticals |
| 9 (RLIN) | 5840 |
| 650 ## - SUBJECT ADDED ENTRY--TOPICAL TERM | |
| Topical term or geographic name as entry element | Drugs |
| 9 (RLIN) | 1642 |
| 942 ## - ADDED ENTRY ELEMENTS (KOHA) | |
| Source of classification or shelving scheme | Other/Generic Classification Scheme |
| Koha item type | Short Loan |
| Withdrawn status | Lost status | Source of classification or shelving scheme | Damaged status | Not for loan | Home library | Current library | Date acquired | Source of acquisition | Inventory number | Total Checkouts | Full call number | Barcode | Date last seen | Koha item type |
|---|---|---|---|---|---|---|---|---|---|---|---|---|---|---|
| Other/Generic Classification Scheme | Pharmacy Department Library | Pharmacy Department Library | 02/10/2018 | 11/00233 | QV25 G59n 2001 | 2018-0343 | 02/10/2018 | Short Loan | ||||||
| Other/Generic Classification Scheme | Pharmacy Department Library | Pharmacy Department Library | 02/10/2018 | 11/00234 | QV25 G59n 2001 | 2018-0344 | 02/10/2018 | Short Loan |
